| 000 | 00552nam a2200217 a 4500 | ||
|---|---|---|---|
| 999 |
_c4514 _d4514 |
||
| 001 | 4514 | ||
| 003 | BD-JhCC | ||
| 005 | 20220802134021.0 | ||
| 008 | 171128s1956 e a|||| || | 000 0 eng d | ||
| 035 | _a(BD-JhCC)4514 | ||
| 040 |
_aBD-JhCC _dBD-JhCC |
||
| 041 | _aeng | ||
| 082 |
_a823.914 _bJER 1956 |
||
| 100 | _aJerrome, G. Edward | ||
| 245 |
_aTales of Everest / _cG. Edward Jerrome, |
||
| 260 |
_aLondon : _bBlackle & Son Limited, _c1956 |
||
| 300 |
_a26 p. : _c18 cm. |
||
| 650 | _aAdventure Stories | ||
| 942 |
_2ddc _cBK _01 |
||